000 00630nam a2200205 u 4500
005 20210223132114.0
008 130626s2004 mx r 000 0 spa d
020 _a9707520043
035 _aUPN01000191781
049 _aCG
050 4 _aJZ1318
_bC3.5
100 1 _aCampos, Ricardo
_934284
245 1 3 _aLa globalización y la muerte del Estado-Nación /
_cRicardo Campos, Luis Miguel Martínez Anzures.
260 _aMéxico :
_bISAP,
_c2004.
300 _a90 p.
650 4 _aGLOBALIZACION -
_xASPECTOS POLITICOS
_98894
700 1 _aMartínez Anzures, Luis Miguel,
_ecoaut.
_934090
905 _aLibro
999 _c163884
_d163884